Nemocnica s najlepším vybavením v oblasti V Košiciach odovzdali do užívania prístavbu Železničnej NsP

Bibliographic Details
Main Author: (jps) (Author)
Corporate Author: Železničná nemocnica s poliklinikou, Košice (Author)
Format: Article
Language:Slovak
Subjects:

MARC

LEADER 00000nab a2200000 a 4500
001 vtls000927939
003 SK-MaSNL
005 20260303033448.0
008 140303e20020000xo 0 slo
035 |a KE36816 
040 |a KEVKJB  |b slo  |c KEVKJB  |e AACR2 
041 0 |a slo 
044 |a xo  |c SK 
080 |a 362.11/.12  |2 1981 
100 0 |a (jps)  |4 aut  |9 839585 
245 1 0 |a Nemocnica s najlepším vybavením v oblasti  |b V Košiciach odovzdali do užívania prístavbu Železničnej NsP 
610 2 7 |a Železničná nemocnica s poliklinikou (Košice, Slovensko)  |2 KEVKJB 
650 0 7 |a medicína  |2 KEVKJB  |9 899 
650 0 7 |a zdravotníctvo železničné  |2 KEVKJB  |9 899078 
650 0 7 |a dejiny  |2 KEVKJB  |9 3825 
650 0 7 |a prístavba  |2 KEVKJB  |9 878857 
650 0 7 |a odovzdanie do prevádzky  |2 KEVKJB  |9 1017244 
651 7 |a Košice (Slovensko)  |2 KEVKJB  |9 18694 
710 2 |a Železničná nemocnica s poliklinikou, Košice  |4 aut  |9 878173 
773 0 8 |t Zdravotnícke noviny  |g Roč. 7, č.24 (2002), s. 2 
852 |a ZVYKNI  |b KIS3GCP 
999 |c 1670067  |d 1671997